Young athlete.

Bibliographic Details
New Title:Sports and athletes
Format: Journal
Language:English
Published: Bellevue, Wash. : Young Athlete, [1975-1981]
Subjects:
Online Availability: Check for online availability

MARC

Tag First Indicator Second Indicator Subfields
LEADER 00000cas a2200000 a 4500
001 in00000077736
005 20151008053831.0
008 770928d19751981ilubr1p 0uuua0eng
010 |a  78640838  
012 |a 2  |b 1  |k 1  |m c 
022 |a 0160-5844 
035 |a (OCoLC)03302545 
035 |9 AAH8798AM 
037 |b Young Athlete, Inc., 1601 114th Ave. S.E., Bellevue, WA 98004 
040 |a DLC  |c MUL  |d NSD  |d DLC  |d NSD  |d TXA  |d UtOrBLW 
042 |a lc  |a nsdp 
049 |a TXAE 
050 0 0 |a GV561  |b .Y59 
082 0 |a 796/.05 
222 0 |a Young athlete 
245 0 0 |a Young athlete. 
264 1 |a Bellevue, Wash. :  |b Young Athlete,  |c [1975-1981] 
300 |a 4 volumes :  |b illustrations ;  |c 28 cm. 
310 |a Bimonthly 
336 |a text  |b txt  |2 rdacontent 
337 |a unmediated  |b n  |2 rdamedia 
338 |a volume  |b nc  |2 rdacarrier 
362 0 |a Vol. 1 (Sept. 1975)- v. 4, no. 2 (Nov./Dec. 1981). 
650 0 |a Sports  |v Periodicals. 
650 0 |a Athletics  |x Periodicals. 
785 0 0 |t Sports and athletes 
999 |a MARS 
999 f f |s 1964cd9e-05c5-35f0-b0a1-2ec166399c90  |i 46dfa6b9-e9c3-30f2-b2d4-7348649698f7  |t 0 
952 f f |p ric  |a Texas A&M University  |b Rellis Campus  |c Joint Library Facility  |d Remote Storage  |t 0  |e GV561 .Y59  |h Library of Congress classification  |i unmediated -- volume  |k v.4:no.1  |l 1981:Oct.  |m A14841140719 
952 f f |p ric  |a Texas A&M University  |b Rellis Campus  |c Joint Library Facility  |d Remote Storage  |t 0  |e GV561 .Y59  |h Library of Congress classification  |i unmediated -- volume  |k v.1:no.9-12  |l 1977  |m A14841140735 
952 f f |p ric  |a Texas A&M University  |b Rellis Campus  |c Joint Library Facility  |d Remote Storage  |t 0  |e GV561 .Y59  |h Library of Congress classification  |i unmediated -- volume  |k v.2:no.9-12  |l 1977-1979  |m A14841140696 
952 f f |p ric  |a Texas A&M University  |b Rellis Campus  |c Joint Library Facility  |d Remote Storage  |t 0  |e GV561 .Y59  |h Library of Congress classification  |i unmediated -- volume  |k v.3  |l 1979-1981  |m A14841140701 
998 f f |a GV561 .Y59  |s v.1-4 (1977-1981)  |t 0  |l Remote Storage